| 000 | nam a22 7a 4500 | ||
|---|---|---|---|
| 999 |
_c72932 _d72932 |
||
| 003 | PILC | ||
| 005 | 20200217142152.0 | ||
| 008 | 200217b1986 xxu||||| |||| 00| 0 eng d | ||
| 010 | _aAcc#CEC171 | ||
| 040 | _cPhilippine Baptist Theological Seminary | ||
| 050 |
_aCEC LB 1027.23 _bId2 1986 |
||
| 245 | 0 | 5 |
_a200+Ideas for teaching preschoolers / _ccompiled by Kathryn Kizer and Ethel McIndoo |
| 264 |
_aBirmingham, Alabama : _bNew Hope, _c©1986 |
||
| 300 |
_a72 pages : _bblack and white illustrations, _c28 cm |
||
| 650 | _aActivity program in education | ||
| 942 |
_2ddc _cCB |
||